000 00298nam a2200133Ia 4500
008 150201s2008 xx 000 0 und d
082 _a611
_bG08G
100 _aPAL,GP
245 _aGENERAL ANATOMY
250 _a2ND
260 _bPEEPEE
_aDELHI
_c2008
650 _aHUMAN ANATOMY
942 _2ddc
_cBK
_05
999 _c598
_d598